| 000 | 01140nam a22003137a 4500 | ||
|---|---|---|---|
| 003 | CHAP | ||
| 005 | 20220329135417.0 | ||
| 008 | 971013s1982 r 00010 d | ||
| 010 | _a36011 | ||
| 011 | _a36983 | ||
| 035 | _a41102 | ||
| 040 | _cCHAP | ||
| 090 | _aFolleto 8348 | ||
| 110 |
_aMéxico. Coordinación General de los Servicios Nacionales de Estadística, Geografía e Informática _976893 |
||
| 245 |
_aRelación de cabeceras municipales por entidad federativa y su ubicación en la cartografía 1 _b:2500 000 |
||
| 260 |
_aMéxico, D.F. : _bLa Coordinación, _c1982 |
||
| 300 |
_a39 p. _b; mapas |
||
| 500 | _ac.4-6 en bodega | ||
| 590 |
_aBATCH-UPD _b10 _c20130109 _lUCH01 _h2353 |
||
| 590 |
_aBATCH-UPD _b10 _c20130409 _lUCH01 _h1925 |
||
| 590 |
_aBATCH-UPD _b10 _c20130914 _lUCH01 _h1825 |
||
| 590 |
_aCONVERSION _b10 _c20130109 _lUCH01 _h1320 |
||
| 650 | 1 | 4 |
_aMéxico _xNombres geográficos. _976782 |
| 901 | _aBK | ||
| 942 | _cFOLL | ||
| 949 |
_aFolleto 8348 _bBC _cFOLL _d-94159 _eTS1 _i41102 _si |
||
| 949 |
_aFolleto 8348 _bBC _cFOLL _d-94160 _eTS2 _fc.2 _i41102 _si |
||
| 949 |
_aFolleto 8348 _bBC _cFOLL _d-94161 _eTS2 _fc.3 _i41102 _si |
||
| 999 |
_c36011 _d36011 |
||